000 00699nam a2200253 4500
003 OSt
005 20260601193359.0
008 260504b1974 enk |||| |||| 00| 0 eng d
020 _a07134 0528 7
040 _aICI
_bspa
_cICI
041 _aspa
050 _aTA174
_bG388
100 1 _aGasson, C. Peter,
_eautor
_934817
245 1 _aTheory of design /
_cPeter Gasson, C.
264 _aLondon,
_bB T Batsford :
_c1974
300 _a230 páginas
336 _atexto
_2rdacontent
337 _asin medio
_2rdamedia
338 _avolumen
_2rdacarrier
650 1 _aDiseño en ingeniería
_934818
650 1 _aDiseño industrial
_934819
650 1 _aTeoría del diseño
_934820
942 _2lcc
_cB
_n1
999 _c20949
_d20949